000 01037nam a2200313 c 4500
003 BLK
005 20180422115330.0
008 180411b bul|||||r ||||||| ||bul||
010 _aKNG00193108000
040 _aBLK
041 _aBUL
_cBUL
080 _aБългарска литература
_b821.163.2
_x-32
_z821.163.2-32
100 1 _aДенев, Младен Жеков
_eпърви автор
_9379345
139 _aДенев, Младен Жеков
_bД 42
245 1 0 _aТрима без алиби
_bКримин. разкази и новели
_cМладен Жеков Денев.
257 _aBGR
260 София
_bВоен. изд.
_c1986
300 _a144 с.
_c20 см
380 _aX
490 1 _aГероика и приключения
500 _a60 735 тир.
653 _aразкази
653 _aновели
852 _aЦб 143317
856 4 _qpdf
_u
856 4 _qpdf
_u
942 _cKNG
_n0
944 _aCR
_c14.10.2016
_kЕлица_Владова
944 _aED
_c14.10.2016
_kЕлица_Владова
999 _c184156
_d184156